Members of Red Velvet by Picture - Statistics

General Stats
  • This quiz has been taken 604 times
  • The average score is 5 of 5
Answer Stats
Picture Answer % Correct
Irene
99%
Joy
98%
Seulgi
97%
Wendy
97%
Yeri
94%
No matching quizzes found
Score Distribution
Percent of People with Each Score
Percentile by Number Answered
Your Score History
You have not taken this quiz